[Event "Bouhjar BICA Rapid op 02nd"]
[Site "Bouhjar"]
[Date "2022.11.20"]
[Round "4"]
[White "Mabrouk, Fathi Ben Salah"]
[Black "Matmati, Ramzi"]
[Result "1-0"]
[WhiteElo "2078"]
[BlackElo "1668"]
[PlyCount "91"]
[EventDate "2022.11.20"]
[EventType "swiss (rapid)"]
[EventRounds "9"]
[EventCountry "TUN"]
[SourceTitle "CBM 211 Extra"]
[Source "ChessBase"]
[SourceDate "2023.01.31"]
[SourceVersion "1"]
[SourceVersionDate "2023.01.31"]
[SourceQuality "1"]

1. c4 Nf6 2. Nc3 g6 3. e4 d6 4. g3 Bg7 5. Bg2 0-0 6. Nge2 c6 7. 0-0 e5 8. h3 Be6 9. d3 Nbd7 10. f4 Nc5 11. f5 Bd7 12. g4 b5 13. cxb5 cxb5 14. g5 Nh5 15. f6 Bh8 16. Nd5 Re8 17. Kh2 Ne6 18. Bf3 Nc7 19. Ne7+ Rxe7 20. fxe7 Qxe7 21. Bxh5 gxh5 22. Ng3 h4 23. Nf5 Bxf5 24. Rxf5 d5 25. Be3 dxe4 26. dxe4 Rd8 27. Qe2 Ne6 28. Raf1 Qb7 29. Qf3 Rf8 30. b4 Bg7 31. Bc5 Nd4 32. Bxd4 exd4 33. e5 Qxf3 34. R1xf3 a6 35. Rd3 Rd8 36. Kg2 Rd5 37. Kf3 Rxe5 38. Rxe5 Bxe5 39. Ke4 f6 40. gxf6 Bxf6 41. Rf3 Kf7 42. Rf5 Ke6 43. Rh5 Kf7 44. Rxh7+ Kg6 45. Ra7 Bg5 46. Rxa6+ 1-0